Baṭ ṣūrtiyān̲ / (Record no. 329678)
[ view plain ]
| 000 -LEADER | |
|---|---|
| fixed length control field | 00872cam a2200277 a 4500 |
| 001 - CONTROL NUMBER | |
| control field | 12661142 |
| 003 - CONTROL NUMBER IDENTIFIER | |
| control field | NUST |
| 005 - DATE AND TIME OF LATEST TRANSACTION | |
| control field | 20170616092820.0 |
| 008 - FIXED-LENGTH DATA ELEMENTS--GENERAL INFORMATION | |
| fixed length control field | 000225s2000 pk 000 0 urdo |
| 010 ## - LIBRARY OF CONGRESS CONTROL NUMBER | |
| LC control number | 00281844 |
| 020 ## - INTERNATIONAL STANDARD BOOK NUMBER | |
| International Standard Book Number | 9693510844 |
| 025 ## - OVERSEAS ACQUISITION NUMBER | |
| Overseas acquisition number | P-U-00281844; 08 |
| 035 ## - SYSTEM CONTROL NUMBER | |
| System control number | (DLC) 00281844 |
| 040 ## - CATALOGING SOURCE | |
| Original cataloging agency | DLC |
| Transcribing agency | DLC |
| 042 ## - AUTHENTICATION CODE | |
| Authentication code | lcode |
| 050 00 - LIBRARY OF CONGRESS CALL NUMBER | |
| Classification number | PN6222.P3 |
| Item number | B36 2000 |
| 082 ## - DEWEY DECIMAL CLASSIFICATION NUMBER | |
| Classification number | 891.4397 |
| Author Mark | BUT |
| 100 1# - MAIN ENTRY--PERSONAL NAME | |
| Personal name | Baṭ, Muḥammad Yūnus. |
| 9 (RLIN) | 955 |
| 245 10 - TITLE STATEMENT | |
| Title | Baṭ ṣūrtiyān̲ / |
| Statement of responsibility, etc. | Muḥammad Yūnus Baṭ. |
| 260 ## - PUBLICATION, DISTRIBUTION, ETC. | |
| Place of publication, distribution, etc. | Lāhore : |
| Name of publisher, distributor, etc. | Sang-i Mīl Pablīkeshanz, |
| Date of publication, distribution, etc. | 2000. |
| 300 ## - PHYSICAL DESCRIPTION | |
| Extent | 239 p. ; |
| Dimensions | 22 cm. |
| 520 ## - SUMMARY, ETC. | |
| Summary, etc. | Wit and humour; articles on socio-political topics. |
| 546 ## - LANGUAGE NOTE | |
| Language note | In Urdu. |
| 650 ## - SUBJECT ADDED ENTRY--TOPICAL TERM | |
| Topical term or geographic name entry element | Urdu Literature |
| 9 (RLIN) | 347 |
| 880 ## - ALTERNATE GRAPHIC REPRESENTATION | |
| Title | بٹ صورتیاں |
| Linkage | 245-02\(3\r |
| c | ڈاکٹر محمد یونس بٹ |
| 880 ## - ALTERNATE GRAPHIC REPRESENTATION | |
| Title | ڈاکٹر محمد یونس بٹ |
| Linkage | 100-01\(3\r |
| 880 ## - ALTERNATE GRAPHIC REPRESENTATION | |
| Title | لاہور: |
| Linkage | 260-03\(3\r |
| b | سنگ میل پبلی کیشنز، |
| c | 2008 |
| 906 ## - LOCAL DATA ELEMENT F, LDF (RLIN) | |
| a | 7 |
| b | cbc |
| c | origode |
| d | 3 |
| e | ncip |
| f | 20 |
| g | y-gencatlg |
| 942 ## - ADDED ENTRY ELEMENTS (KOHA) | |
| Source of classification or shelving scheme | |
| Koha item type | Book |
| Withdrawn status | Lost status | Source of classification or shelving scheme | Damaged status | Not for loan | Permanent Location | Current Location | Shelving location | Date acquired | Total Checkouts | Total Renewals | Full call number | Barcode | Date last seen | Date last checked out | Copy number | Price effective from | Koha item type |
|---|---|---|---|---|---|---|---|---|---|---|---|---|---|---|---|---|---|
| Central Library (CL) | Central Library (CL) | Fiction | 05/17/2017 | 2 | 3 | 891.4397 BUT | CL1876/1 | 10/05/2022 | 07/03/2020 | 1 | 05/17/2017 | Book |
